[Event "Polugaevsky Memorial 2015"]
[Site "Samara RUS"]
[Date "2015.07.03"]
[Round "1.1"]
[White "Goganov, Aleksey"]
[Black "Galaktionov, Artem"]
[Result "1-0"]
[WhiteTitle "GM"]
[WhiteElo "2601"]
[BlackElo "2168"]
[WhiteFideId "24109959"]
[BlackFideId "24175471"]
[EventDate "2015.07.03"]

1. c4 e6 2. g3 d5 3. Bg2 Nf6 4. Nf3 Be7 5. O-O O-O 6. Qc2 a6 7. d3 c5 8. cxd5
exd5 9. d4 c4 10. Ne5 b5 11. b3 Ra7 12. a4 cxb3 13. Qxb3 b4 14. a5 Rb7 15. Bf4
Rb5 16. Rc1 Bb7 17. Ra2 Nh5 18. Bd2 Rxa5 19. Rxa5 Qxa5 20. Nd3 Nf6 21. Bxb4 Bxb4
22. Qxb4 Qxb4 23. Nxb4 a5 24. Nd3 Rc8 25. Nc3 Ne4 26. Bxe4 dxe4 27. Nc5 Ba8 28.
e3 f5 29. Nb5 Bd5 30. Nc3 Bf7 31. Rb1 Nc6 32. Rb6 Bc4 33. Nb7 Bd3 34. Nd6 Rb8
35. Rxc6 a4 36. Rc8+ Rxc8 37. Nxc8 a3 38. Ne7+ Kf8 39. Ned5 Bc4 40. Nb4 g5 41.
g4 fxg4 42. Kg2 h5 43. Kg3 Ke7 44. Nxe4 a2 45. Nxa2 Bxa2 46. Nxg5 Kf6 47. Kf4
Bc4 48. e4 Be2 49. d5 h4 50. e5+ Ke7 51. d6+ Kd7 52. Ne4 g3 53. fxg3 hxg3 54.
hxg3 1-0

[Event "Polugaevsky Memorial 2015"]
[Site "Samara RUS"]
[Date "2015.07.03"]
[Round "1.2"]
[White "Mingazov, Almaz"]
[Black "Timofeev, Artyom"]
[Result "0-1"]
[BlackTitle "GM"]
[WhiteElo "2166"]
[BlackElo "2536"]
[WhiteFideId "34102458"]
[BlackFideId "4140419"]
[EventDate "2015.07.03"]

1. d4 Nf6 2. c4 g6 3. f3 d5 4. cxd5 Nxd5 5. e4 Nb6 6. Nc3 Bg7 7. Be3 O-O 8. Qd2
Nc6 9. O-O-O Qd6 10. Nb5 Qd7 11. h4 Rd8 12. d5 Ne5 13. Bd4 c6 14. Nc3 cxd5 15.
exd5 Qc7 16. f4 Nec4 17. Qf2 Bh6 18. g3 Nxd5 19. Nxd5 Rxd5 20. Kb1 Bf5+ 21. Ka1
Na3 0-1

[Event "Polugaevsky Memorial 2015"]
[Site "Samara RUS"]
[Date "2015.07.03"]
[Round "1.3"]
[White "Iljushin, Alexei"]
[Black "Fedotov, Nikita2"]
[Result "1-0"]
[WhiteTitle "GM"]
[WhiteElo "2531"]
[BlackElo "2140"]
[WhiteFideId "4122178"]
[BlackFideId "24161446"]
[EventDate "2015.07.03"]

1. d4 Nf6 2. c4 g6 3. Nc3 d5 4. Bg5 Ne4 5. Bh4 Nxc3 6. bxc3 dxc4 7. e3 Be6 8.
Be2 Bg7 9. Nh3 c5 10. Nf4 Bf5 11. Bxc4 cxd4 12. Qb3 O-O 13. Qxb7 Nd7 14. exd4
Qc8 15. Qxc8 Raxc8 16. Ba6 Rxc3 17. Nd5 Ra3 18. Nxe7+ Kh8 19. Nxf5 gxf5 20. Bb5
Bxd4 21. Rd1 Bc3+ 22. Kf1 Bf6 23. Rxd7 Bxh4 24. g3 Bf6 25. Bc4 Kg7 26. Kg2 Rc3
27. Bb3 a5 28. Rhd1 h5 29. R1d5 f4 30. Rxh5 Kg6 31. g4 a4 32. Bd5 Kg7 33. Rf5 a3
34. Rxf4 Rc2 35. Rf5 Kg6 36. Rd6 1-0

[Event "Polugaevsky Memorial 2015"]
[Site "Samara RUS"]
[Date "2015.07.03"]
[Round "1.4"]
[White "Klepikov, Nikita"]
[Black "Kryakvin, Dmitry"]
[Result "0-1"]
[BlackTitle "GM"]
[WhiteElo "2137"]
[BlackElo "2529"]
[WhiteFideId "24145220"]
[BlackFideId "4153278"]
[EventDate "2015.07.03"]

1. e4 c5 2. Nf3 Nc6 3. d4 cxd4 4. Nxd4 Nf6 5. Nc3 d6 6. f3 e5 7. Nb3 Be7 8. Be3
Be6 9. Nd5 Bxd5 10. exd5 Nb4 11. c4 a5 12. Nd2 O-O 13. Ne4 Nxe4 14. fxe4 Bg5 15.
Bf2 f5 16. a3 Na6 17. h4 Bh6 18. Bd3 fxe4 19. Bxe4 Rxf2 20. Kxf2 Nc5 21. Qf3 Qe7
22. b4 Nxe4+ 23. Qxe4 Rf8+ 24. Ke2 Rf4 25. Qd3 Qd7 26. Qh3 Re4+ 27. Kf1 Qf7+ 28.
Kg1 Be3+ 29. Kh2 Bf4+ 30. Kg1 Rxc4 31. Qf3 e4 32. Qb3 Qf6 33. Kf2 Rc3 34. Qa2
Bg3+ 35. Kg1 Rc2 0-1

[Event "Polugaevsky Memorial 2015"]
[Site "Samara RUS"]
[Date "2015.07.03"]
[Round "1.5"]
[White "Levin, Evgeny A."]
[Black "Grigoryeva, Olga A."]
[Result "1-0"]
[WhiteTitle "GM"]
[BlackTitle "WFM"]
[WhiteElo "2519"]
[BlackElo "2136"]
[WhiteFideId "4182596"]
[BlackFideId "24132594"]
[EventDate "2015.07.03"]

1. d4 d5 2. c4 c6 3. Nf3 Nf6 4. e3 e6 5. Bd3 Nbd7 6. b3 Ne4 7. O-O f5 8. Bb2 Bd6
9. Nc3 O-O 10. Ne2 Rf6 11. Ne5 Bxe5 12. dxe5 Rh6 13. f3 Qh4 14. h3 Ng3 15. Nxg3
Qxg3 16. Qe1 Rxh3 17. Qxg3 Rxg3 18. cxd5 Nc5 19. Bc2 exd5 20. Kf2 Rg5 21. Rh1 h6
22. Ba3 Na6 23. Be7 Rg6 24. Bd6 Rg5 25. Bd3 Nb8 26. Rag1 Be6 27. g4 fxg4 28. f4
Rf5 29. Rxg4 Rf7 30. Rg6 Bf5 31. Bxf5 Rxf5 32. Rhg1 1-0

[Event "Polugaevsky Memorial 2015"]
[Site "Samara RUS"]
[Date "2015.07.03"]
[Round "1.6"]
[White "Liberman, Evgeny"]
[Black "Dobrov, Vladimir"]
[Result "0-1"]
[BlackTitle "GM"]
[WhiteElo "2136"]
[BlackElo "2517"]
[WhiteFideId "4181280"]
[BlackFideId "4136594"]
[EventDate "2015.07.03"]

1. e4 c6 2. d4 d5 3. f3 e6 4. Nc3 Qb6 5. Rb1 Nf6 6. Bg5 c5 7. exd5 cxd4 8. Bb5+
Bd7 9. Bxd7+ Nbxd7 10. dxe6 Qxe6+ 11. Nce2 Bc5 12. Nh3 Nd5 13. Nf2 Qg6 14. Ne4
Bb6 15. c4 f5 16. N4g3 Qxg5 17. cxd5 O-O 18. f4 Qh4 19. b4 Rae8 20. Kf1 d3 21.
Qxd3 Re3 22. Qd2 Rfe8 23. Nxf5 Rf3+ 0-1

[Event "Polugaevsky Memorial 2015"]
[Site "Samara RUS"]
[Date "2015.07.03"]
[Round "1.7"]
[White "Alekseenko, Kirill"]
[Black "Pavlova, Kseniia"]
[Result "1-0"]
[WhiteTitle "GM"]
[BlackTitle "WFM"]
[WhiteElo "2513"]
[BlackElo "2131"]
[WhiteFideId "4135539"]
[BlackFideId "24153796"]
[EventDate "2015.07.03"]

1. d4 Nf6 2. Nc3 g6 3. e4 d6 4. f4 Bg7 5. Nf3 O-O 6. Bd3 Bg4 7. Be3 e5 8. dxe5
dxe5 9. fxe5 Nfd7 10. Be2 Bxf3 11. gxf3 Nxe5 12. Qxd8 Rxd8 13. Nd5 Nbd7 14. f4
Nc6 15. O-O-O Nf6 16. Nxc7 Rxd1+ 17. Rxd1 Rc8 18. Nb5 Nxe4 19. Nxa7 Nxa7 20.
Bxa7 Bh6 21. Be3 Re8 22. Bb5 Re7 23. Rd8+ Kg7 24. a4 f6 25. Bc4 f5 26. Bd4+ 1-0

[Event "Polugaevsky Memorial 2015"]
[Site "Samara RUS"]
[Date "2015.07.03"]
[Round "1.8"]
[White "Soldatov, Arnold"]
[Black "Papin, Vasily"]
[Result "1/2-1/2"]
[BlackTitle "GM"]
[WhiteElo "2129"]
[BlackElo "2500"]
[WhiteFideId "24135623"]
[BlackFideId "4143183"]
[EventDate "2015.07.03"]

1. c4 e6 2. Nf3 d5 3. d4 Nf6 4. e3 a6 5. Be2 dxc4 6. Bxc4 b5 7. Be2 Bb7 8. O-O
Nbd7 9. a3 c5 10. dxc5 Nxc5 11. b4 Qxd1 12. Bxd1 Nd3 13. Be2 Nxc1 14. Rxc1 Bd6
15. Nbd2 O-O 16. Nb3 Rfc8 17. Nfd2 Be5 18. Rab1 Ne4 19. Nxe4 Bxe4 20. Rxc8+ Rxc8
21. Rc1 Rxc1+ 22. Nxc1 Bd5 23. Nd3 Bd6 24. Bf3 Bxf3 25. gxf3 Kf8 26. e4 Ke8 27.
Kg2 f5 28. h3 Kd7 29. Kf1 a5 30. Ke2 axb4 31. axb4 f4 32. Kf1 Ke7 33. Kg2 Kf6
34. Kf1 h5 35. Kg1 Bc7 36. Kf1 e5 37. Kg1 Bb6 38. Kf1 Bd4 39. Kg1 Bc3 40. Kf1
Kg5 41. Kg2 Kh4 42. Kh2 g6 43. Kg2 g5 44. Kh2 g4 45. hxg4 hxg4 46. fxg4 Kxg4 47.
Kg2 f3+ 48. Kg1 Kh3 49. Kh1 Kh4 50. Kg1 Kg4 51. Kf1 Bd4 52. Kg1 Bc3 53. Kf1 Bd4
54. Kg1 Kh3 55. Kh1 Kh4 56. Kh2 Kg4 1/2-1/2

[Event "Polugaevsky Memorial 2015"]
[Site "Samara RUS"]
[Date "2015.07.03"]
[Round "1.9"]
[White "Belyakov, Bogdan"]
[Black "Kontsevik, Georgy"]
[Result "1-0"]
[WhiteTitle "IM"]
[WhiteElo "2500"]
[BlackElo "2127"]
[WhiteFideId "24104795"]
[BlackFideId "24177504"]
[EventDate "2015.07.03"]

1. e4 c5 2. Nf3 Nc6 3. c3 e6 4. d4 cxd4 5. cxd4 d5 6. exd5 exd5 7. Bd3 Nf6 8.
Nc3 Be7 9. h3 O-O 10. O-O h6 11. Bf4 Be6 12. Rc1 Rc8 13. Bb1 Re8 14. Re1 Qd7 15.
Qd3 Nb4 16. Qd2 Nc6 17. Ne5 Nxe5 18. dxe5 Nh7 19. Qd3 Nf8 20. Be3 b6 21. Nb5
Rxc1 22. Rxc1 Bf5 23. Qxf5 Qxb5 24. Rc7 g6 25. Qc2 Ne6 26. Rxa7 d4 27. Bd2 Qxe5
28. Qc6 Ng7 29. Bd3 Bd6 30. g3 Bb8 31. Rd7 h5 32. Bc4 Ne6 1-0

[Event "Polugaevsky Memorial 2015"]
[Site "Samara RUS"]
[Date "2015.07.03"]
[Round "1.10"]
[White "Murzin, Lenar"]
[Black "Yuffa, Daniil"]
[Result "0-1"]
[WhiteTitle "IM"]
[BlackTitle "IM"]
[WhiteElo "2123"]
[BlackElo "2474"]
[WhiteFideId "4116461"]
[BlackFideId "24131423"]
[EventDate "2015.07.03"]

1. d4 Nf6 2. Nf3 g6 3. c4 Bg7 4. Nc3 O-O 5. e4 d6 6. Be2 Nbd7 7. O-O e5 8. Be3
Re8 9. d5 Nh5 10. g3 Bf8 11. Qc2 Ng7 12. b4 f5 13. Nd2 Nf6 14. f3 fxe4 15. fxe4
Ng4 16. Bxg4 Bxg4 17. Nf3 Be7 18. Qd2 Rf8 19. Ng5 Qd7 20. c5 dxc5 21. bxc5 h6
22. d6 Bxg5 23. Bxg5 hxg5 24. Qxg5 c6 25. Qxe5 Bh3 26. Rf4 Rxf4 27. Qxf4 Rf8 28.
Qh4 g5 29. Qxg5 Qf7 30. Qf4 Qc4 31. Qc1 Qxc5+ 32. Kh1 Qf2 0-1

[Event "Polugaevsky Memorial 2015"]
[Site "Samara RUS"]
[Date "2015.07.04"]
[Round "2.1"]
[White "Pavlovski, Yaroslav"]
[Black "Goganov, Aleksey"]
[Result "1/2-1/2"]
[WhiteTitle "FM"]
[BlackTitle "GM"]
[WhiteElo "2311"]
[BlackElo "2601"]
[WhiteFideId "4166566"]
[BlackFideId "24109959"]
[EventDate "2015.07.03"]

1. e4 e6 2. d4 d5 3. Nc3 Bb4 4. e5 c5 5. a3 Bxc3+ 6. bxc3 Ne7 7. Nf3 b6 8. Bb5+
Bd7 9. a4 Bxb5 10. axb5 Qd7 11. Qe2 c4 12. Rb1 a6 13. bxa6 Rxa6 14. O-O Nbc6 15.
Ng5 h6 16. Qh5 O-O 17. Nf3 f6 18. Bf4 fxe5 19. Bxe5 Nf5 20. Ra1 Rxa1 21. Rxa1
Qf7 22. Qg4 b5 23. h4 b4 24. cxb4 Nxb4 25. c3 Nd3 26. h5 Kh7 27. Ra2 Rg8 28. Kh2
Re8 29. Kg1 Re7 30. Qg6+ Qxg6 31. hxg6+ Kxg6 32. g4 Rb7 33. gxf5+ Kxf5 34. Ra8
Rb2 35. Bxg7 Nxf2 36. Rf8+ Ke4 37. Bxh6 Nh3+ 38. Kh1 Nf2+ 39. Kg1 Nh3+ 40. Kh1
Nf2+ 41. Kg1 Nh3+ 1/2-1/2

[Event "Polugaevsky Memorial 2015"]
[Site "Samara RUS"]
[Date "2015.07.04"]
[Round "2.2"]
[White "Timofeev, Artyom"]
[Black "Schekachikhin, Maksim"]
[Result "1-0"]
[WhiteTitle "GM"]
[BlackTitle "FM"]
[WhiteElo "2536"]
[BlackElo "2317"]
[WhiteFideId "4140419"]
[BlackFideId "24177830"]
[EventDate "2015.07.03"]

1. d4 Nf6 2. c4 e6 3. Nc3 Bb4 4. e3 c5 5. Bd3 Nc6 6. Nf3 Bxc3+ 7. bxc3 d6 8. e4
e5 9. d5 Ne7 10. Nd2 h6 11. Nf1 Bd7 12. a4 a5 13. Ne3 Qc7 14. Nc2 O-O-O 15. Na3
Rdf8 16. Nb5 Bxb5 17. axb5 b6 18. Be3 g6 19. f4 Nd7 20. fxe5 Nxe5 21. O-O g5 22.
Be2 Qd7 23. Rf6 Kc7 24. Qf1 Ng8 25. Rf5 Ne7 26. Rf6 Ng8 27. Rf2 f6 28. Bh5 Qg7
29. Qe2 Ne7 30. Raf1 N7g6 31. g3 Rf7 32. Bd4 Rhf8 33. Rf5 Nd7 34. Qf2 cxd4 35.
cxd4 Re7 36. Bxg6 Qxg6 37. e5 dxe5 38. c5 Kb8 39. d6 Ree8 40. c6 Qf7 41. cxd7
Qxd7 42. dxe5 Qd8 43. Rxf6 Rxf6 44. Qxf6 Qc8 45. Qf2 Qd8 46. Qd4 1-0

[Event "Polugaevsky Memorial 2015"]
[Site "Samara RUS"]
[Date "2015.07.04"]
[Round "2.3"]
[White "Elistratov, Semen"]
[Black "Iljushin, Alexei"]
[Result "0-1"]
[WhiteTitle "FM"]
[BlackTitle "GM"]
[WhiteElo "2307"]
[BlackElo "2531"]
[WhiteFideId "24134325"]
[BlackFideId "4122178"]
[EventDate "2015.07.03"]

1. e4 e6 2. d4 d5 3. Nd2 Be7 4. Ngf3 Nf6 5. e5 Nfd7 6. Bd3 c5 7. c3 Nc6 8. O-O
a5 9. a4 cxd4 10. cxd4 Nb4 11. Bb5 O-O 12. Nb1 Nb6 13. Na3 Bd7 14. Bd2 Bc6 15.
b3 Nd7 16. Be2 Qb6 17. Nb5 Rfc8 18. Bxb4 axb4 19. Qd2 f6 20. Qe3 fxe5 21. Nxe5
Nxe5 22. Qxe5 Bxb5 23. Bxb5 Bf6 24. Qe2 Qd6 25. Qg4 e5 26. Bd7 Rd8 27. Qe6+ Qxe6
28. Bxe6+ Kf8 29. dxe5 Bxe5 30. Rad1 Ra5 31. Rfe1 Bf6 32. Bf5 g6 33. Bd3 Rc5 34.
Bb5 Kf7 35. Rd3 Rc3 36. Red1 Ke6 37. Kf1 d4 38. Bc4+ Kd6 39. Re1 Be5 40. f4 Rf8
41. g3 Bh8 42. h4 Rc8 43. Ke2 R8xc4 44. bxc4 Kc5 45. g4 Kxc4 46. Rd2 Re3+ 47.
Kd1 Rxe1+ 48. Kxe1 d3 49. Kd1 Bd4 50. Rh2 b3 51. Kc1 Be3+ 52. Kb2 d2 53. Rh1
Bxf4 54. h5 Be5+ 55. Kb1 Kd3 56. a5 Ke2 57. hxg6 hxg6 58. a6 bxa6 59. g5 Bf4 0-1

[Event "Polugaevsky Memorial 2015"]
[Site "Samara RUS"]
[Date "2015.07.04"]
[Round "2.4"]
[White "Kryakvin, Dmitry"]
[Black "Yeletsky, Ivan"]
[Result "1/2-1/2"]
[WhiteTitle "GM"]
[BlackTitle "FM"]
[WhiteElo "2529"]
[BlackElo "2310"]
[WhiteFideId "4153278"]
[BlackFideId "24180327"]
[EventDate "2015.07.03"]

1. d4 Nf6 2. Nf3 g6 3. Bg5 Bg7 4. Nbd2 O-O 5. e3 d5 6. Be2 h6 7. Bh4 Bf5 8. O-O
Nbd7 9. c4 dxc4 10. Nxc4 Ne4 11. Qb3 Nb6 12. Rfd1 g5 13. Bg3 Nxg3 14. hxg3 c6
15. Na5 Rb8 16. Rac1 Be6 17. Qa3 Qd6 18. b4 Nd5 19. Rb1 Nf6 20. Nc4 Bxc4 21.
Bxc4 a5 22. Qb2 b5 23. Bd3 Qxb4 24. Qxb4 axb4 25. Rxb4 Nd5 26. Rb3 Ra8 27. a3 e6
28. Be4 Ra6 29. Bxd5 cxd5 30. Rdb1 Rfa8 31. g4 Rxa3 32. Rxb5 Ra1 33. g3 Kh7 34.
Rxa1 Rxa1+ 35. Kg2 Ra2 36. Ne1 Rd2 37. Kf3 Kg6 38. Rb7 Bf6 39. Rc7 Bd8 40. Rc2
Rxc2 41. Nxc2 Be7 42. Ne1 h5 43. gxh5+ Kxh5 44. g4+ Kg6 45. Ke2 Bd6 1/2-1/2

[Event "Polugaevsky Memorial 2015"]
[Site "Samara RUS"]
[Date "2015.07.04"]
[Round "2.5"]
[White "Ofitserian, Boris"]
[Black "Levin, Evgeny A."]
[Result "0-1"]
[WhiteTitle "FM"]
[BlackTitle "GM"]
[WhiteElo "2306"]
[BlackElo "2519"]
[WhiteFideId "24199443"]
[BlackFideId "4182596"]
[EventDate "2015.07.03"]

1. d4 Nf6 2. Nf3 e6 3. e3 b6 4. c4 Bb7 5. Nc3 Bb4 6. Bd3 O-O 7. O-O c5 8. Na4
cxd4 9. exd4 Re8 10. a3 Bf8 11. b4 Nc6 12. Bb2 Ne7 13. Re1 Ng6 14. Rc1 Rc8 15.
Bf1 d6 16. g3 Rc7 17. Nc3 a6 18. Na4 Nd7 19. Qd3 Be7 20. Bg2 Qa8 21. h4 Bf6 22.
h5 Ngf8 23. Bc3 b5 24. Nb2 bxc4 25. Nxc4 Rxc4 26. Qxc4 Bxf3 27. Bxf3 Qxf3 28.
Re3 Qa8 29. Bb2 Nb6 30. Qb3 d5 31. a4 Bg5 32. f4 Bf6 33. Bc3 Nc4 34. Re2 Rb8 35.
Qd1 Nd6 36. Kg2 Nd7 37. a5 Be7 38. Qd3 Nf6 39. Be1 Nxh5 40. Kh3 g6 41. Rec2 Nc4 0-1

[Event "Polugaevsky Memorial 2015"]
[Site "Samara RUS"]
[Date "2015.07.04"]
[Round "2.7"]
[White "Filipenko, Alexander V"]
[Black "Alekseenko, Kirill"]
[Result "0-1"]
[WhiteTitle "IM"]
[BlackTitle "GM"]
[WhiteElo "2297"]
[BlackElo "2513"]
[WhiteFideId "4104471"]
[BlackFideId "4135539"]
[EventDate "2015.07.03"]

1. e4 e5 2. Nf3 Nc6 3. Bb5 a6 4. Ba4 d6 5. O-O Bd7 6. c3 Nge7 7. d4 Ng6 8. Nbd2
Be7 9. Bb3 O-O 10. Nc4 exd4 11. Nxd4 Re8 12. f3 Nxd4 13. cxd4 Bf6 14. Ne3 c6 15.
Rf2 a5 16. a3 a4 17. Ba2 Qb6 18. Nc4 Qc7 19. Ne3 Be6 20. d5 Bd7 21. Nf1 c5 22.
Be3 Ne5 23. Rc1 g6 24. h3 Bb5 25. Rd2 Qb6 26. f4 Nd7 27. Qf3 Bxf1 28. Rxf1 Bd4
29. Bb1 Bxe3+ 30. Qxe3 Ra5 31. f5 c4 32. Qxb6 Nxb6 33. fxg6 hxg6 34. Rf6 Rb5 35.
Rxd6 c3 36. Rf2 Nc4 37. Rdf6 Rxb2 38. Bd3 Rc8 39. Rxf7 Ne5 40. Re7 Rxf2 0-1

[Event "Polugaevsky Memorial 2015"]
[Site "Samara RUS"]
[Date "2015.07.04"]
[Round "2.8"]
[White "Mirzaev, Aziz"]
[Black "Belyakov, Bogdan"]
[Result "0-1"]
[WhiteTitle "FM"]
[BlackTitle "IM"]
[WhiteElo "2290"]
[BlackElo "2500"]
[WhiteFideId "4116224"]
[BlackFideId "24104795"]
[EventDate "2015.07.03"]

1. d4 Nf6 2. c4 g6 3. Nf3 Bg7 4. g3 O-O 5. Bg2 d6 6. O-O Nc6 7. Nc3 a6 8. Bg5
Rb8 9. Qd2 Re8 10. Rfd1 b5 11. Ne5 Na5 12. Nc6 Nxc6 13. Bxc6 Bd7 14. Bxf6 Bxf6
15. cxb5 axb5 16. Bxd7 Qxd7 17. Nd5 Bg7 18. Rac1 c6 19. Nb4 Rec8 20. Rc2 Rb6 21.
Rdc1 e6 22. d5 c5 23. dxe6 Qxe6 24. Nd5 Rb7 25. Rd1 Bd4 26. Nb4 Ra8 27. Nc6
Bxf2+ 28. Kxf2 Qe4 29. Na5 Rxa5 30. Qxa5 Qxc2 31. Qa8+ Kg7 32. Qxb7 Qxd1 33.
Qxb5 Qd4+ 34. Kf1 Qd5 35. a4 Qh1+ 36. Kf2 Qxh2+ 37. Kf3 h5 38. a5 g5 39. a6 g4+
40. Ke4 Qxg3 41. Qb7 Qf2 42. Kd3 g3 43. Qd5 Qd4+ 44. Qxd4+ cxd4 45. a7 g2 46.
a8=Q g1=Q 47. Qe4 Qb1+ 48. Kxd4 Qxb2+ 49. Kc4 d5+ 50. Kxd5 Qb7+ 51. Kd4 Qxe4+
52. Kxe4 Kf6 53. Kf4 Kg6 54. e3 Kf6 55. e4 Ke6 56. e5 h4 57. Kg4 Kxe5 58. Kxh4
Kf4 59. Kh3 Ke5 0-1

[Event "Polugaevsky Memorial 2015"]
[Site "Samara RUS"]
[Date "2015.07.04"]
[Round "2.9"]
[White "Yuffa, Daniil"]
[Black "Zakaryan, David"]
[Result "1/2-1/2"]
[WhiteTitle "IM"]
[BlackTitle "FM"]
[WhiteElo "2474"]
[BlackElo "2306"]
[WhiteFideId "24131423"]
[BlackFideId "24101923"]
[EventDate "2015.07.03"]

1. c4 Nf6 2. Nf3 e6 3. d4 c5 4. Nc3 cxd4 5. Nxd4 Nc6 6. a3 Qb6 7. Nb3 d6 8. e4
Be7 9. Be3 Qc7 10. Be2 O-O 11. O-O b6 12. Rc1 Ne5 13. f3 Bb7 14. Qd4 Rac8 15.
Rfd1 Rfd8 16. a4 Qb8 17. Nb5 a6 18. Nc3 Nfd7 19. Bf2 Nc5 20. Na1 Bg5 21. Be3 Bf6
22. Qd2 a5 23. Bg5 Bxg5 24. Qxg5 h6 25. Qe3 Bc6 26. b3 Rd7 27. Rb1 Rcd8 28. Nc2
Ba8 29. Nb5 Ng6 30. Nbd4 Ne7 31. Rd2 Bc6 32. Na3 e5 33. Ndc2 f5 34. exf5 Nxf5
35. Qc3 Qa7 36. Kh1 Rf7 37. Ne3 Nxe3 38. Qxe3 Qe7 39. Nb5 Bxb5 40. axb5 Qg5 41.
Qxg5 hxg5 42. Bd3 Rf4 43. Bc2 Kf7 44. Rbd1 Ke7 45. Re2 Ne6 46. Be4 Nc5 47. Bc2
Rdf8 48. h3 Ne6 49. Be4 Nc5 1/2-1/2

[Event "Polugaevsky Memorial 2015"]
[Site "Samara RUS"]
[Date "2015.07.04"]
[Round "2.10"]
[White "Dibrov, Ilya"]
[Black "Utegaliyev, Azamat"]
[Result "0-1"]
[WhiteElo "2275"]
[BlackElo "2462"]
[WhiteFideId "24132853"]
[BlackFideId "13702467"]
[EventDate "2015.07.03"]

1. e4 e5 2. Nc3 Nf6 3. f4 d5 4. fxe5 Nxe4 5. Nf3 Be7 6. Qe2 Nxc3 7. dxc3 c5 8.
Bf4 Nc6 9. O-O-O Be6 10. h3 h6 11. Kb1 Qa5 12. Qb5 Qc7 13. g4 a6 14. Qe2 O-O-O
15. Bg2 Rd7 16. Rd2 Rhd8 17. Rhd1 Qa5 18. a3 d4 19. Bg3 dxc3 20. Rxd7 Rxd7 21.
Be1 Bc4 22. Qxc4 Rxd1+ 23. Ka2 Nb4+ 24. Kb3 b5 0-1

[Event "Polugaevsky Memorial 2015"]
[Site "Samara RUS"]
[Date "2015.07.05"]
[Round "3.1"]
[White "Utegaliyev, Azamat"]
[Black "Timofeev, Artyom"]
[Result "1/2-1/2"]
[BlackTitle "GM"]
[WhiteElo "2462"]
[BlackElo "2536"]
[WhiteFideId "13702467"]
[BlackFideId "4140419"]
[EventDate "2015.07.03"]

1. e4 c5 2. Nf3 e6 3. c3 d5 4. exd5 exd5 5. Bb5+ Nc6 6. d4 Bd6 7. dxc5 Bxc5 8.
O-O Ne7 9. Nbd2 O-O 10. Nb3 Bd6 11. Be3 Bg4 12. Be2 Re8 13. Nfd4 Bxe2 14. Qxe2
a6 15. Rad1 Qc7 16. h3 Ne5 17. Nf3 Nc4 18. Bc1 Ng6 19. Qc2 Rad8 20. Rfe1 Rxe1+
21. Rxe1 Nge5 22. Ng5 g6 23. Nd4 Nc6 24. Ngf3 Bf8 25. Bg5 Rc8 26. Qc1 Bg7 27.
Bh6 Nxd4 28. Nxd4 Bxh6 29. Qxh6 Nxb2 30. Nf5 gxf5 31. Qg5+ Kf8 32. Qh6+ Kg8 33.
Re3 f4 34. Qg5+ Kf8 35. Qh6+ Kg8 36. Qg5+ Kf8 37. Qh6+ Kg8 38. Qg5+ Kf8 39. Qh6+ 1/2-1/2

[Event "Polugaevsky Memorial 2015"]
[Site "Samara RUS"]
[Date "2015.07.05"]
[Round "3.2"]
[White "Iljushin, Alexei"]
[Black "Usmanov, Vasily"]
[Result "1-0"]
[WhiteTitle "GM"]
[BlackTitle "IM"]
[WhiteElo "2531"]
[BlackElo "2455"]
[WhiteFideId "4122178"]
[BlackFideId "4135741"]
[EventDate "2015.07.03"]

1. d4 Nf6 2. c4 e6 3. g3 c5 4. d5 exd5 5. cxd5 d6 6. Nc3 g6 7. Bg2 Bg7 8. Nf3
O-O 9. O-O a6 10. a4 Nbd7 11. Bf4 Qe7 12. Rb1 Ng4 13. Qc1 Nge5 14. Bh6 Nxf3+ 15.
exf3 Bxh6 16. Qxh6 f5 17. Rfe1 Qg7 18. Qxg7+ Kxg7 19. f4 Kf7 20. Re6 Nb6 21.
Rxd6 Nc4 22. Re6 Bxe6 23. dxe6+ Kg7 24. Bxb7 Ra7 25. Bd5 Nb6 26. Ba2 Rd8 27. a5
Nc8 28. Na4 Rc7 29. Rc1 Rd2 30. Bc4 Rc6 31. Re1 Ne7 32. b3 Rc2 33. Rd1 Rxc4 34.
bxc4 Rxe6 35. Rd7 Kf8 36. Ra7 Re1+ 37. Kg2 Ra1 38. Nxc5 Rxa5 39. Ne6+ Kf7 40.
Ng5+ Ke8 41. Nxh7 Nc6 42. Nf6+ Kd8 43. Rd7+ Kc8 44. Rg7 Ra2 45. Nd5 Nd4 46. Rxg6
a5 47. h4 Nc2 48. h5 Ne1+ 49. Kf1 Nd3 50. h6 Rxf2+ 51. Kg1 Re2 52. h7 Re1+ 53.
Kg2 Re2+ 54. Kh3 1-0

[Event "Polugaevsky Memorial 2015"]
[Site "Samara RUS"]
[Date "2015.07.05"]
[Round "3.3"]
[White "Levin, Evgeny A."]
[Black "Pasiev, Rakhim"]
[Result "1-0"]
[WhiteTitle "GM"]
[BlackTitle "IM"]
[WhiteElo "2519"]
[BlackElo "2409"]
[WhiteFideId "4182596"]
[BlackFideId "24122475"]
[EventDate "2015.07.03"]

1. d4 e6 2. c4 f5 3. Nc3 Nf6 4. e3 Bb4 5. Qc2 b6 6. Bd3 Bb7 7. f3 O-O 8. Ne2 c5
9. a3 Bxc3+ 10. Qxc3 a5 11. b3 a4 12. Rb1 cxd4 13. exd4 b5 14. O-O bxc4 15. bxc4
Qc8 16. Bf4 Ba6 17. Bd6 Re8 18. Rb2 Nc6 19. Rfb1 Nd8 20. Be5 Nf7 21. Rb8 Rxb8
22. Rxb8 Qc6 23. Qb4 Nxe5 24. dxe5 Qc7 25. Rxe8+ Nxe8 26. Qe7 Qc8 27. Nc3 d5 28.
exd6 Qc5+ 29. Kh1 Nxd6 30. Qxe6+ Kf8 31. Nd5 Bxc4 32. Bxc4 Nxc4 33. Qxf5+ Kg8
34. Nf6+ 1-0

[Event "Polugaevsky Memorial 2015"]
[Site "Samara RUS"]
[Date "2015.07.05"]
[Round "3.4"]
[White "Alekseenko, Kirill"]
[Black "Kozionov, Kirill"]
[Result "1-0"]
[WhiteTitle "GM"]
[BlackTitle "IM"]
[WhiteElo "2513"]
[BlackElo "2406"]
[WhiteFideId "4135539"]
[BlackFideId "24101729"]
[EventDate "2015.07.03"]

1. e4 c6 2. d4 d5 3. e5 Bf5 4. h4 h5 5. c4 e6 6. Nc3 Ne7 7. Nge2 Bg4 8. Bg5 Qb6
9. Qd2 dxc4 10. Ng3 Na6 11. Nge4 O-O-O 12. Nd6+ Rxd6 13. exd6 Nf5 14. d7+ Kxd7
15. Bxc4 Bd6 16. Be3 Nxe3 17. Qxe3 Nb4 18. Rc1 Nd5 19. Bxd5 exd5 20. O-O Re8 21.
Qd2 Qd8 22. g3 Re6 23. f4 Bf5 24. Kh2 Rg6 25. Nd1 Re6 26. Re1 Rg6 27. Nf2 Re6
28. b4 Qb6 29. a3 Qa6 30. Rxe6 Bxe6 31. Qe3 Kc7 32. Kg1 g6 33. Rc3 Qa4 34. Rc1
Kb6 35. Qc3 Bf5 36. Nd3 Qb5 37. Nc5 Kc7 38. a4 Qc4 39. Qb2 1-0